[Event "IECG CP.2006.P.00016 email"]
[Site "IECG email"]
[Date "2006.12.04"]
[Round "?"]
[White "Humphrey, Charles"]
[Black "Play, Sole"]
[Result "1-0"]
[WhiteElo "1667"]
[BlackElo "800"]
[PlyCount "63"]
[EventDate "2006.10.01"]
[EventType "tourn (corr)"]
[EventRounds "6"]
[SourceTitle "Corr 2011"]
[Source "ChessBase"]
[SourceDate "2010.08.31"]
[SourceVersion "1"]
[SourceVersionDate "2010.08.31"]
[SourceQuality "1"]

1. d4 Nf6 2. Nf3 d5 3. e3 e6 4. Bd3 Bd6 5. 0-0 c5 6. c3 0-0 7. Nbd2 Nc6 8. dxc5 Bxc5 9. e4 Qc7 10. Qe2 Bb6 11. e5 Ng4 12. Bxh7+ Kxh7 13. Ng5+ Kg8 14. Qxg4 Qxe5 15. Qh5 Qf5 16. Ndf3 e5 17. Nh4 Qc2 18. Be3 Bf5 19. Rac1 Bg6 20. Qf3 Qd3 21. Rfd1 Be4 22. Qg4 Bxe3 23. Rxd3 f5 24. Qh5 Bxg5 25. Qxg5 Bxd3 26. Rd1 Bc2 27. Rxd5 Rad8 28. Rxd8 Rxd8 29. g3 Rf8 30. b4 a6 31. Qg6 Be4 32. f3 1-0

[Event "IECG CP.2006.P.00016 email"]
[Site "IECG email"]
[Date "2006.12.04"]
[Round "?"]
[White "Play, Sole"]
[Black "Johnson, Michael"]
[Result "0-1"]
[WhiteElo "800"]
[BlackElo "1143"]
[PlyCount "48"]
[EventDate "2006.10.01"]
[EventType "tourn (corr)"]
[EventRounds "6"]
[SourceTitle "Corr 2011"]
[Source "ChessBase"]
[SourceDate "2010.08.31"]
[SourceVersion "1"]
[SourceVersionDate "2010.08.31"]
[SourceQuality "1"]

1. e4 e5 2. Nf3 f5 3. Nxe5 Qf6 4. d4 d6 5. Nc4 fxe4 6. Nc3 Qg6 7. f3 exf3 8. Qxf3 Nc6 9. Bd3 Qg4 10. Qxg4 Bxg4 11. Ne3 Bd7 12. Ned5 0-0-0 13. 0-0 Nxd4 14. Be3 c5 15. Rf2 Nh6 16. Bxh6 gxh6 17. Re1 Bg7 18. Rf7 Be5 19. a4 Ne6 20. Bb5 Bxc3 21. bxc3 Bxb5 22. axb5 Rd7 23. Ne7+ Kd8 24. Rxe6 Re8 0-1